Lisboa : la guía básica para escapadas urbanas /
Saved in:
| Hovedforfatter: | |
|---|---|
| Andre forfattere: | , , , |
| Format: | Electronisk eBog |
| Sprog: | spansk |
| Udgivet: |
[Barcelona, España] :
Ecos Producciones Periodísticas SCP,
[2008]
|
| Serier: | Colección City breaks.
|
| Fag: | |
| Online adgang: | Digitalia Hispánica |
| Tags: |
Tilføj Tag
Ingen Tags, Vær først til at tagge denne postø!
|
MARC
| LEADER | 00000nam a2200000Ii 4500 | ||
|---|---|---|---|
| 001 | DIGECOS0061 | ||
| 003 | NyNyDIG | ||
| 008 | 230118s2008 sp ab o 001 0 spa d | ||
| 006 | m o d | ||
| 007 | cr ||||||||||| | ||
| 035 | |a (OCoLC)1367361123 | ||
| 040 | |a DGITA |b eng |e rda |e pn |c DGITA | ||
| 020 | |a 9788415479543 |q eBook | ||
| 043 | |a e-po--- | ||
| 050 | 1 | 4 | |a DP756 ebook |
| 100 | 1 | |a König, Angelika, |e author. | |
| 245 | 1 | 0 | |a Lisboa : |b la guía básica para escapadas urbanas / |c textos, Angelika König ; fotografías, César Barba, Sergi Ramis ; diseño de colección, Xavier Peralta ; maquetación Montse Armengol. |
| 264 | 1 | |a [Barcelona, España] : |b Ecos Producciones Periodísticas SCP, |c [2008] | |
| 300 | |a 1 online resource : |b illustrations, maps. | ||
| 336 | |a text |b txt |2 rdacontent | ||
| 337 | |a computer |b c |2 rdamedia | ||
| 338 | |a online resource |b cr |2 rdacarrier | ||
| 347 | |a text file |2 rdaft | ||
| 347 | |b PDF | ||
| 490 | 1 | |a Colección City breaks | |
| 500 | |a Includes index. | ||
| 588 | 0 | |a Online resource; title from PDF title page (Digitalia, viewed January 18, 2023) | |
| 651 | 0 | |a Lisbon (Portugal) |v Guidebooks. | |
| 651 | 0 | |a Lisbon (Portugal) |x Description and travel. | |
| 700 | 1 | |a Barba Villarraza, César, |e photographer. | |
| 700 | 1 | |a Ramis, Sergi, |e photographer. | |
| 700 | 1 | |a Peralta, Xavier, |q (Peralta Maniviesa), |e illustrator. | |
| 700 | 1 | |a Armengol, Montse, |e illustrator. | |
| 791 | 2 | |a Digitalia (Firm), |e distributor. | |
| 793 | 0 | |g Digitalia eBook Collection: |a Ecos Travel Books | |
| 830 | 0 | |a Colección City breaks. | |
| 856 | 4 | 0 | |3 Digitalia Hispánica |u https://digitalia.unach.elogim.com/a/35621/ |
| 910 | |a Premium collection: 2023 | ||